Adversaires de la France en Coupe du Monde de Football (Mort subite) - Statistiques

Statistiques générales
  • Ce quiz a été pris 2 024 fois
  • Le résultat moyen est 10 sur 37
Answers on the Grid
Answers color-coded by a green-red scale on the quiz's grid according to % correct below.
Afrique du Sud
Algérie
Allemagne (+ RFA)
Angleterre
Angola
Arabie Saoudite
Argentine
Australie
Autriche
Belgique
Bolivie
Bosnie-Herzégovine
Brésil
Bulgarie
Cameroun
Canada
Chili
Chine
Colombie
Corée du Nord
Corée du Sud
Costa Rica
Côte d'Ivoire
Croatie
Cuba
Danemark
Ecosse
Egypte
Emirats Arabes Unis
Equateur
Espagne
Etats-Unis
Ghana
Grèce
Haïti
Honduras
Hongrie
Indonésie
Irak
Iran
Irlande
Irlande du Nord
Islande
Israël
Italie
Jamaïque
Japon
Koweït
Maroc
Mexique
Nigeria
Norvège
Nouvelle-Zélande
Panama
Paraguay
Pays-Bas
Pays de Galles
Pérou
Pologne
Portugal
Qatar
RDA
RD Congo
République Tchèque
Roumanie
Russie
Salvador
Sénégal
Serbie
Slovaquie
Slovénie
Suède
Suisse
Tchécoslovaquie
Togo
Trinité-et-Tobago
Tunisie
Turquie
Ukraine
URSS
Uruguay
Yougoslavie
 
Statistiques - réponses
Réponse % Correct
1930, 1978, 2018, 2022 Argentine
49%
1958, 1986, 1998, 2006 Brésil
48%
1938, 1978, 1986, 1998, 2006 Italie
47%
1998, 2018 Croatie
46%
2022 Maroc
46%
1966, 1982, 2022 Angleterre
44%
1938, 1986, 2018 Belgique
44%
2006 Espagne
41%
1998, 2002, 2018, 2022 Danemark
40%
1966, 2002, 2010, 2018 Uruguay
40%
1982, 2022 Pologne
38%
1958, 1982, 1986, 2014 Allemagne (+ RFA)
35%
2018, 2022 Australie
35%
2022 Tunisie
35%
2006, 2014 Suisse
33%
2006 Portugal
32%
2018 Pérou
27%
1998, 2010 Afrique du Sud
25%
2002 Sénégal
25%
1930, 1954, 1966, 2010 Mexique
22%
2014 Honduras
20%
2014 Nigeria
20%
1958, 1998 Paraguay
19%
2014 Equateur
17%
1998 Arabie Saoudite
15%
1934, 1982 Autriche
14%
2006 Togo
14%
2006 Corée du Sud
12%
1982 Koweït
11%
1986 URSS
10%
1954,1958 Yougoslavie
10%
1978, 1986 Hongrie
8%
1986 Canada
7%
1930 Chili
7%
1982 Tchécoslovaquie
7%
1958 Ecosse
6%
1958, 1982 Irlande du Nord
6%
Aucun quiz correspondant
Distribution des résultats
% des personnes avec chaque résultat
Percentile par nombre de réponses
Votre historique - résultats
Vous n’avez pas pris ce quiz